Health and wellness/ (Record no. 11903)

MARC details
000 -LEADER
fixed length control field 00634 a2200193 4500
010 ## - LIBRARY OF CONGRESS CONTROL NUMBER
LC control number ENG-90055
020 ## - INTERNATIONAL STANDARD BOOK NUMBER
International Standard Book Number 817879313X
Terms of availability 600.0
035 ## - SYSTEM CONTROL NUMBER
System control number EN-73588
037 ## - SOURCE OF ACQUISITION
Source of stock number/acquisition DBAD / PUB
082 14 - DEWEY DECIMAL CLASSIFICATION NUMBER
Classification number 613
090 ## - LOCALLY ASSIGNED LC-TYPE CALL NUMBER (OCLC); LOCAL CALL NUMBER (OCLC)
-- 12257
-- 12257
245 1# - TITLE STATEMENT
Title Health and wellness/
Statement of responsibility, etc edited & compiled by Sandhu Varghese
260 ## - PUBLICATION, DISTRIBUTION, ETC. (IMPRINT)
Place of publication, distribution, etc Delhi
Name of publisher, distributor, etc Sports Publication
Date of publication, distribution, etc 2006
270 ## - ADDRESS
Address 7/26, Ground Floor, Ansari Raod, Darya Ganj
City New Delhi
Postal code 110 002
300 ## - PHYSICAL DESCRIPTION
Extent 336p.
Dimensions 22cm. (Hb.)
700 ## - ADDED ENTRY--PERSONAL NAME
Personal name Varghese Sandhu
942 ## - ADDED ENTRY ELEMENTS (KOHA)
Institution code [OBSOLETE] dpl
Koha item type English Books
Call number prefix 613 / HEA
Holdings
Withdrawn status Lost status Source of classification or shelving scheme Damaged status Not for loan Collection code Home library Current library Source of acquisition Cost, normal purchase price Total Checkouts Full call number Barcode Date last seen Copy number Uniform Resource Identifier Cost, replacement price Price effective from Koha item type
    Dewey Decimal Classification   Not For Loan Non-fiction D.B.Act.Division D.B.Act.Division DBAD/PUB 600.00   613 HEA EN-73588 15/09/2008 1 13018 600.00 15/09/2008 English Books

© Delhi Public Library
Hit Counter
free hit counter